| 000 | 00769nam a22002057a 4500 | ||
|---|---|---|---|
| 999 |
_c17945 _d17945 |
||
| 003 | AR-CdUCM | ||
| 008 | 190502b ||||| |||| 00| 0 spa d | ||
| 040 |
_aMUNICIPALIDAD PROVINCIAL DEL CUSCO _cBIBLIOTECA MUNICIPAL DEL CUSCO |
||
| 082 |
_22ed. _a334.1 / _bG54 |
||
| 100 |
_aGiudice, J.C. del _935347 |
||
| 245 | _aVivienda y cooperativismo / | ||
| 260 |
_aBuenos Aires : _bIntercoop, _c1959. |
||
| 300 |
_a136 paginas ; _c18 cm. |
||
| 505 | _aContenido : Ahondando un poco en el asunto -- Ilusiones persistentes -- La otra proporción del dilema -- La era del cooperativismo -- Los términos del problema.. | ||
| 650 |
_aCooperativismo _97805 |
||
| 650 |
_aHogar _91186 |
||
| 650 |
_aViviendas rurales _935348 |
||
| 942 |
_2ddc _cLIBROS |
||
| 945 |
_arjall _d2019-05-10 |
||